UITU Library & LRC     

AI and blockchain technology in 6G wireless network (Record no. 31590)

MARC details
000 -LEADER
fixed length control field 00411nam a2200157Ia 4500
008 - FIXED-LENGTH DATA ELEMENTS--GENERAL INFORMATION
fixed length control field 250916s9999 xx 000 0 und d
020 ## - INTERNATIONAL STANDARD BOOK NUMBER
International Standard Book Number 978-981-19-2870-3
082 ## - DEWEY DECIMAL CLASSIFICATION NUMBER
Classification number 004.65 BOR
100 ## - MAIN ENTRY--PERSONAL NAME
Personal name Borah, Malaya Dutta
245 #0 - TITLE STATEMENT
Title AI and blockchain technology in 6G wireless network
250 ## - EDITION STATEMENT
Edition statement 1st
260 ## - PUBLICATION, DISTRIBUTION, ETC.
Place of publication, distribution, etc. New York:
Name of publisher, distributor, etc. Springer,
Date of publication, distribution, etc. 2022
300 ## - PHYSICAL DESCRIPTION
Extent 259 p.
600 ## - SUBJECT ADDED ENTRY--PERSONAL NAME
Personal name Computer Science
942 ## - ADDED ENTRY ELEMENTS (KOHA)
Koha item type Books
Holdings
Withdrawn status Lost status Damaged status Not for loan Collection Home library Current library Date acquired Source of acquisition Cost, normal purchase price Total checkouts Full call number Barcode Date last seen Cost, replacement price Price effective from Koha item type
        Computer Science UITU Library UITU Library 08/06/2025 AS Books 15157.00   004.65 BOR Q15965 09/16/2025 25261.00 09/16/2025 Books

Powered by Koha